00450nam a2200145 i 450000100060000000300090000600500170001500700030003200800410003510000280007624500770010426000520018130000220023385200490025526573ES-MaACL20230906153450.0t|030109s1845 sp ||||1| spa d1 aAvecilla, Pedro Alonso.10aPizarro y el siglo XVI b: novela histórica / cPablo Alonso Avecilla. aMadrid : b[s.n., c1845] (fSeveriano Omaña) a312 p. ; c21 cm. aES-MaACLjD-1174 z.- Legado M. de la Fuente